00329cam a22000977a 4500008004000000082001800040100001800058245007200076260007400148300000900222180718b1984 xxu||||| |||| 00| 0 eng d aT000x54 In2ne aRao, V.K.R.V. aNew approach to Indian planning : some suggestionscby V.K.R.V. Rao aNew DelhibDepartment Of Personnel And Adminitratrative Reformsc1984 a30p.